| 000 | 00514nam a2200169Ia 4500 | ||
|---|---|---|---|
| 999 |
_c8291 _d8291 |
||
| 003 | OSt | ||
| 005 | 20200125105336.0 | ||
| 008 | 190216s9999||||xx |||||||||||||| ||und|| | ||
| 040 | _coclc | ||
| 082 |
_a658.4038 _bKOR/I |
||
| 100 |
_aKoroth, Abdul Assis _91079 |
||
| 245 | 0 |
_aInformation Technology For Business / _cAbdul Assis Koroth |
|
| 250 | _a2nd ed. | ||
| 260 |
_bCalicut University Central Co-Operative, _c2007. |
||
| 300 | _a401p | ||
| 942 |
_cBK _2ddc _h658.4038 _iKOR/I _k658.4038 _mKOR/I |
||